000
00258nam a22001097a 4500
082
_a
327.195491 RAI'R
100
_a
RAI, HAMEED A. K
_9
74562
245
_a
READINGS IN PAKISTAN FOREIGN POLICY
260
_a
LAHORE
_b
AZIZ
_c
1981
300
_a
VOL-2
942
_c
BK
999
_c
580076
_d
580076